The noble scholar, jurist, historian


 His Excellency Dr. Abdul Wahhab bin Ibrahim Abu Sulaiman, may Allah have mercy on him.


 He was born in Umm Al-Qura in the year 1356 AH.

العبرة من قصة يوسف عليه السلام / (Record no. 13551)

MARC details
000 -LEADER
fixed length control field 01327ctm a2200277 i 4500
003 - CONTROL NUMBER IDENTIFIER
control field SA-RiAUC
005 - DATE AND TIME OF LATEST TRANSACTION
control field 20251215140352.0
008 - FIXED-LENGTH DATA ELEMENTS--GENERAL INFORMATION
fixed length control field 251203s1985 su f m 000 0dara c
040 ## - CATALOGING SOURCE
Original cataloging agency SA-JeALM
Language of cataloging ara
Transcribing agency SA-RiAUC
Description conventions rda
082 04 - DEWEY DECIMAL CLASSIFICATION NUMBER
Classification number 229.5
090 ## - LOCALLY ASSIGNED LC-TYPE CALL NUMBER (OCLC); LOCAL CALL NUMBER (RLIN)
Classification number (OCLC) (R) ; Classification number, CALL (RLIN) (NR) ر 229.5
Local cutter number (OCLC) ; Book number/undivided call number, CALL (RLIN) ص ب ا
100 1# - MAIN ENTRY--PERSONAL NAME
Personal name صباغ، رفقية عمر بكر
Relator term مؤلف.
245 12 - TITLE STATEMENT
Title العبرة من قصة يوسف عليه السلام /
Statement of responsibility, etc. إعداد رفقية عمر بكر صباغ ؛ إشراف أحمد أحمد غلوش.
264 #0 - PRODUCTION, PUBLICATION, DISTRIBUTION, MANUFACTURE, AND COPYRIGHT NOTICE
Place of production, publication, distribution, manufacture مكة المكرمة :
Name of producer, publisher, distributor, manufacturer جامعة أم القرى.
Date of production, publication, distribution, manufacture, or copyright notice 1985
300 ## - PHYSICAL DESCRIPTION
Extent 253 ورقة ؛
Dimensions 30 سم
336 ## - CONTENT TYPE
Content type term نص
Content type code txt
Source rdacontent
Materials specified أطروحة
337 ## - MEDIA TYPE
Media type term بدون وسيط
Media type code n
Source rdamedia
338 ## - CARRIER TYPE
Carrier type term مجلد
Carrier type code nc
Source rdacarrier
500 ## - GENERAL NOTE
General note أطروحة (ماجستير)-جامعة أم القرى، كلية الدعوة وأصول الدين، قسم الكتاب والسنة، 1405 هجري.
502 ## - DISSERTATION NOTE
Dissertation note أطروحة (ماجستير)-جامعة أم القرى، كلية الدعوة وأصول الدين، قسم الكتاب والسنة، 1405 هجري.
600 07 - SUBJECT ADDED ENTRY--PERSONAL NAME
Personal name يوسف (عليه السلام)
Source of heading or term aucnm
630 27 - SUBJECT ADDED ENTRY--UNIFORM TITLE
Uniform title القرآن
General subdivision قصص
Source of heading or term aucut
700 ## - ADDED ENTRY--PERSONAL NAME
Personal name غلوش، أحمد أحمد.
Relator term مشرفا
942 ## - ADDED ENTRY ELEMENTS (KOHA)
Source of classification or shelving scheme Dewey Decimal Classification
Koha item type رسالة علمية
Suppress in OPAC No
949 ## - LOCAL PROCESSING INFORMATION (OCLC)
a SA-JeALM
d 251203
u mohamedma123
n 1
Holdings
Withdrawn status Lost status Source of classification or shelving scheme Damaged status Not for loan Home library Current library Date acquired Total checkouts Full call number Barcode Date last seen Price effective from Koha item type
    Dewey Decimal Classification     DR AbdElwahab Library DR AbdElwahab Library 12/15/2025   ر 229.5 ص ب ا 000021728 12/15/2025 12/15/2025 رسالة علمية